Online
Catalog

Matemática : (Record no. 30202)

MARC details
000 -CABECERA
campo de control de longitud fija 01439nam a2200241 a 4500
001 - NÚMERO DE CONTROL
campo de control 000030710
005 - FECHA Y HORA DE LA ÚLTIMA TRANSACCIÓN
campo de control 20200930062450.0
008 - DATOS DE LONGITUD FIJA--INFORMACIÓN GENERAL
campo de control de longitud fija 150130s2002 dr ac 000 0 spa d
040 ## - FUENTE DE LA CATALOGACIÓN
Centro catalogador/agencia de origen DO-SdBNP
Lengua de catalogación spa
Centro/agencia transcriptor BNPHU
082 ## - NÚMERO DE LA CLASIFICACIÓN DECIMAL DEWEY
Número de clasificación xxxx
Número de documento/Ítem xxxx
100 1# - ENTRADA PRINCIPAL--NOMBRE DE PERSONA
Nombre de persona Tapia de Destro, Leandra
9 (RLIN) 57287
245 10 - MENCIÓN DE TÍTULO
Título Matemática :
Resto del título educación media /
Mención de responsabilidad, etc. Leandra Tapia de Destro, Félix Lara Angeles, corides Pérez Pérez ; ilustraciones Omar Ureña, Trina Martínez de Barranco, Giovanni Destro.
260 ## - PUBLICACIÓN, DISTRIBUCIÓN, ETC.
Lugar de publicación, distribución, etc. Santo Domingo :
Nombre del editor, distribuidor, etc. Secretaría de Estado de Educación,
Fecha de publicación, distribución, etc. 2002
Fabricante Alfa & Omega
300 ## - DESCRIPCIÓN FÍSICA
Extensión 4 v. :
Otras características físicas il., retrs. ;
Dimensiones 28 cm.
500 ## - NOTA GENERAL
Nota general educación media.
500 ## - NOTA GENERAL
Nota general La biblioteca solamente posee el volumen 2.
505 1# - NOTA DE CONTENIDO CON FORMATO
Nota de contenido con formato v. 2 :
Información miscelánea 2do. grado, 1er. ciclo --
-- primer semestre --
-- unidad 1 --
Título En el mundo de los datos --
Información miscelánea unidad 2 --
Título Formas, lógica y pensamiento --
Información miscelánea unidad 3 --
Título A partir de las paralelas --
Información miscelánea unidad 4 --
Título Modelos lineales --
Información miscelánea unidad 5 --
Título Relaciones y tendencias --
Información miscelánea segundo semestre --
-- unidad 1 --
Título Lo que producen las formas --
Información miscelánea unidad 2 --
Título Conservando el tamaño y la forma --
Información miscelánea unidad 3 --
Título Descubriendo estructuras --
Información miscelánea unidad 4 --
Título Sobre cuadriláteros --
Información miscelánea unidad 5 --
Título Modelos cuadráticos --
700 1# - PUNTO DE ACCESO ADICIONAL--NOMBRE DE PERSONA
Nombre de persona Lara Angeles, Félix
9 (RLIN) 57288
700 1# - PUNTO DE ACCESO ADICIONAL--NOMBRE DE PERSONA
Nombre de persona Pérez Pérez, Corides
9 (RLIN) 57289
700 1# - PUNTO DE ACCESO ADICIONAL--NOMBRE DE PERSONA
Nombre de persona Ureña, Omar
Término indicativo de función/relación il.
9 (RLIN) 57290
700 1# - PUNTO DE ACCESO ADICIONAL--NOMBRE DE PERSONA
Nombre de persona Martínez de Barranco, Trina
Término indicativo de función/relación il.
9 (RLIN) 57291
700 1# - PUNTO DE ACCESO ADICIONAL--NOMBRE DE PERSONA
Nombre de persona Destro, Giovanni
Término indicativo de función/relación il.
9 (RLIN) 57292
Holdings
Estado de retiro Estado de pérdida No para préstamo Código de colección Localización permanente Ubicación/localización actual Ubicación en estantería Fecha de adquisición Número de inventario Total de préstamos Signatura topográfica completa Código de barras Fecha visto por última vez Precio válido a partir de Tipo de ítem Koha
    Excluido de préstamo Patrimonio Dominicano Patrimonio Dominicano Patrimonio Dominicano Depósito 26.05.2011 LF1   xxxx xxxx 30710-10 25.06.2020 25.06.2020 Libro y Folleto Colección Patrimonio Dominicano
      Patrimonio Dominicano Patrimonio Dominicano Patrimonio Dominicano Orden iniciada 12.02.2015 LF1   xxxx xxxx 30710-20 25.06.2020 25.06.2020 Libro y Folleto Colección Patrimonio Dominicano

Powered by Koha